Physical testing of plastics : correlation with end-use performance : a symposium /

Guardado en:
Autores Corporativos: Symposium on physical testing of plastics : correlation with end-use performance Philadelphia, Pennsylvania), ASTM Committee D-20 on Plastics., ASTM Subcommittee D20.10 on Mechanical Properties.
Otros Autores: Evans, R. E. (Editor , ed.)
Formato: Libro
Idioma:English
Publicado: Philadelphia, Pa. (1916 Race St., Philadelphia 19103) : The Society, c1981.
Series:ASTM special technical publication ; 736
Materias:
Etiquetas: Agregar Etiqueta
Sin Etiquetas, Sea el primero en etiquetar este registro!
LEADER 02067cam a22002775a 4500
001 EIQ.libpla001748
008 811211s1981####paua#####b####101#0#eng#d
005 20061218183753.0
245 1 0 |a Physical testing of plastics :  |b correlation with end-use performance : a symposium /  |c sponsored by ASTM Committee D-20 on Plastics and Subcommittee D20.10 on Mechanical Properties, American Society for Testing and Materials, Philadelphia, Pa., 20 June, 1979 ; R.E. Evans, editor. 
260 |a Philadelphia, Pa. (1916 Race St., Philadelphia 19103) :  |b The Society,  |c c1981. 
300 |a 123 p. :  |b il. ;  |c 24 cm. 
440 0 |a ASTM special technical publication ;  |v 736 
504 |a Incluye referencias bibliográficas e índice. 
505 0 |a A rationale for testing establish suitability for an end-use application / R.E. Evans -- Fracture toughness testing of HDPE plastic pipe / P. Flueler ... et al. -- Fatigue and its relationship to end-use performance / H.S. Loveless, L.R. Ingle, and C.E. Gerrard -- Instrumented impact testing for evaluating end-use performance / D.R. Ireland -- Instrumented impact measurements on some polymers / J.K. Rieke -- On abrasion, scratch, and friction testing -- relationship to end-use application / J.F. Carroll -- Wear testing -- correlation with end-use performance / N.S. Eiss, Jr. -- The need for more descriptive and meaningful physical data on plastic materials / F.S. Pang and J.L. Isaacs -- Testing plastics for performance / J.L. O'Toole. 
111 2 |a Symposium on physical testing of plastics : correlation with end-use performance  |d (1979 :  |c Philadelphia, Pennsylvania) 
700 1 |a Evans, R. E.  |q (Robert E.),  |e ed.  |4 edt 
710 2 |a ASTM Committee D-20 on Plastics. 
710 2 |a ASTM Subcommittee D20.10 on Mechanical Properties. 
082 0 0 |a 620.1/923/0287  |2 19 
650 4 |a Plásticos  |x Congresos. 
650 4 |a Plásticos  |x Prueba. 
650 4 |a Plastics  |x Testing. 
650 4 |a Plastics  |x Congresses. 
010 |a  80069753  
040 |a DLC  |c DLC  |d AR-BbSID 
859 |a AR-BbSID  |b BIB. PLAPIQUI  |h 620.192 3  |i Sy 68  |k R  |p 4988